Le monde "el diplo" diplomatique : edición cono sur [ cd-rom] /
Guardado en:
| Autor Principal: | |
|---|---|
| Formato: | Libro |
| Publicado: |
Buenos Aires :
Capital Intelectual,
2008
|
| Materias: | |
| Etiquetas: |
Agregar Etiqueta
Sin Etiquetas, Sea el primero en etiquetar este registro!
|
| LEADER | 00907nam a22003135a 4500 | ||
|---|---|---|---|
| 001 | CEM.cems013078 | ||
| 005 | 20081127085220.0 | ||
| 008 | 130507s2008##################000#0#####d | ||
| 003 | CEMS | ||
| 020 | |a 9789876140904 | ||
| 082 | 0 | 4 | |a CD070 |
| 100 | 1 | |a Gabetta, Carlos | |
| 245 | 1 | 0 | |a Le monde "el diplo" diplomatique : |b edición cono sur [ cd-rom] / |c Director Carlos Gabetta |
| 260 | |a Buenos Aires : |b Capital Intelectual, |c 2008 | ||
| 300 | |a 1 CD-ROM | ||
| 505 | 0 | |a Archivos completos Julio 1999 hasta diciembre 2007 | |
| 653 | |a Biotecnología | ||
| 653 | |a Ciencias sociales | ||
| 653 | |a Comunicación | ||
| 653 | |a Cultura | ||
| 653 | |a Defensa | ||
| 653 | |a Discriminación | ||
| 653 | |a Economía | ||
| 653 | |a Género | ||
| 653 | |a Justicia | ||
| 653 | |a Política | ||
| 653 | |a Sociedad | ||
| 653 | |a Religión | ||
| 859 | |a CEMS |b BIB. CEMS - 11 de abril |h CD070 |i M744 |p 2214.44 |t Ej.1 |v 2007 |3 2007 | ||
